US Sassuolo Squad 2018-2019 - Statistics

General Stats
  • This quiz has been taken 8 times
  • The average score is 19 of 32
Answer Stats
# Position Nation Player % Correct
32 MF Ghana Alfred Duncan
100%
47 GK Italy Andrea Consigli
100%
79 GK Italy Gianluca Pegolo
100%
31 DF Italy Gian Marco Ferrari
100%
6 DF Brazil Rogério
100%
25 FW Italy Domenico Berardi
86%
4 MF Italy Francesco Magnanelli
86%
20 FW Ivory Coast Jérémie Boga
86%
30 FW Senegal Khouma Babacar
86%
2 DF Brazil Marlon
86%
68 MF Morocco Mehdi Bourabia
86%
3 DF Turkey Merih Demiral
86%
9 FW Serbia Filip Đuričić
71%
18 FW Italy Giacomo Raspadori
71%
11 FW Italy Gianluca Scamacca
71%
5 DF Uruguay Mauricio Lemos
71%
21 DF Spain Pol Lirola
71%
27 MF Ghana Kevin-Prince Boateng
57%
73 MF Italy Manuel Locatelli
57%
- Coach Italy Roberto De Zerbi
57%
10 FW Italy Alessandro Matri
43%
39 DF Italy Cristian Dell'Orco
43%
34 FW Italy Federico Di Francesco
43%
13 DF Italy Federico Peluso
43%
28 GK Italy Giacomo Satalino
43%
23 DF Italy Giangiacomo Magnani
29%
19 FW Denmark Jens Odgaard
29%
29 FW Italy Marcello Trotta
29%
98 DF Italy Claud Adjapong
0%
99 FW Italy Enrico Brignola
0%
17 DF Italy Leonardo Sernicola
0%
12 MF Italy Stefano Sensi
0%
No matching quizzes found
Score Distribution
Percent of People with Each Score
Percentile by Number Answered
Your Score History
You have not taken this quiz